Gracie Abrams - Toutes les chansons - Statistiques

Statistiques générales
  • Ce quiz a été pris 562 fois
    32 depuis la dernière actualisation
  • Le résultat moyen est 42 sur 61
Statistiques - réponses
Hint Réponse % Correct
Daughter from Hell 2026 Hit the Wall
95%
The Secret of Us 15 That's so True
95%
Minor 5 I miss you, I’m sorry
91%
The Secret of Us 2 Risk
91%
The Secret of Us 5 us. (feat. Taylor Swift)
91%
Minor 2 21
86%
The Secret of Us 3 Blowing Smoke
86%
The Secret of Us 14 Cool
86%
Good Riddance 8 Difficult
86%
The Secret of Us 4 I Love You, I’m Sorry
86%
Minor 6 minor
86%
This Is What It Feels Like 2 Rockland
86%
Good Riddance 1 Best
82%
The Secret of Us 13 Close To You
82%
Singles 2021 Mess It Up
82%
Singles 2023 Cedar
77%
Good Riddance 2 I Know It Won't Work
77%
The Secret of Us 16 I Told You Things
77%
The Secret of Us 6 Let It Happen
77%
Good Riddance 12 Right Now
77%
Good Riddance 4 Where Do We Go Now?
77%
This Is What It Feels Like 1 Feels Like
73%
Minor 1 Friend
73%
The Secret of Us 11 Good Luck Charlie
73%
The Secret of Us 8 I Knew It, I Know You
73%
Minor 6 Long Sleeves
73%
The Secret of Us 17 Packing It Up
73%
This Is What It Feels Like 10 Augusta
68%
This Is What It Feels Like 4 Camden
68%
Good Riddance 3 Full Machine
68%
The Secret of Us 10 Normal Thing
68%
This Is What It Feels Like 7 Older
68%
Singles 2019 Stay
68%
Good Riddance 6 Will You Cry?
68%
Good Riddance 7 Amelie
64%
Good Riddance 13 Block Me Out
64%
Collaborations 2023 Everywhere, Everything de Noah Khan
64%
The Secret of Us 1 Felt Good About You
64%
The Secret of Us 12 Free Now
64%
This Is What It Feels Like 11 Painkillers
64%
Minor 4 tehe
64%
This Is What It Feels Like 5 The Bottom
64%
Good Riddance 9 This Is What the Drugs Are For
64%
The Secret of Us 7 Tough Love
64%
Minor 3 Under / Over
64%
This Is What It Feels Like 8 Better
59%
Singles 2020 Brush Fire
59%
The Secret of Us 9 Gave You I Gave You I
59%
Good Riddance 5 I Should Hate You
59%
Good Riddance 11 The Blue
59%
Good Riddance 16 Two People
59%
Collaborations 2021 Unlearn de benny blanco
59%
Good Riddance 15 405
55%
This Is What It Feels Like 9 Hard to Sleep
55%
Singles 2019 Mean It
55%
Good Riddance 14 Unsteady
55%
This Is What It Feels Like 12 Alright
50%
Good Riddance 10 Fault Line
50%
This Is What It Feels Like 6 Wishful Thinking
50%
This Is What It Feels Like 3 For Real This Time
45%
Collaborations 2017 Pad Thaï de TJANI
23%
Aucun quiz correspondant
Distribution des résultats
% des personnes avec chaque résultat
Percentile par nombre de réponses
Votre historique - résultats
Vous n’avez pas pris ce quiz depuis la dernière actualisation